00487 a2200169 450000100060000002000180000604000220002410000180004624000330006424500280009730000080012536200090013365000350014294200070017795201160018499900170030059634 a9783785553374 cAnchieta - Pituba aAbedi, Isabel10aLola macht schlagzeilenlpor10aLola macht schlagzeilen a1700 a2008 4aLiteratura juvenil em alemàƒo cBK 00104070a91.1b91.1d2023-11-21l0oLJ 028.543 A138l ABE LOLp11023/PITr2023-11-21 18:27:41w2023-11-21yBK c59634d59634